[Event "ICS rated blitz match"]
[Site "204.178.125.65"]
[Date "2000.05.25"]
[Round "?"]
[White "Zippy"]
[Black "Hossa"]
[Result "0-1"]
[WhiteElo "2185"]
[BlackElo "2490"]
[PlyCount "162"]
[EventDate "2000.??.??"]

1. e4 c5 2. Nf3 d6 3. d4 cxd4 4. Nxd4 Nf6 5. Nc3 e6 6. Bg5 Be7 7. Bb5+ Nbd7 8.
O-O O-O 9. Be3 Nc5 10. f3 a6 11. Be2 Bd7 12. Qd2 Qc7 13. Nb3 Nxb3 14. axb3 Rac8
15. Qd4 Bc6 16. Rfd1 Rfd8 17. Qa7 Nd7 18. Bf4 e5 19. Bd2 d5 20. b4 dxe4 21.
Nxe4 Bxe4 22. fxe4 Nc5 23. Be3 Ra8 24. Rxd8+ Qxd8 25. Qxa8 Qxa8 26. bxc5 Qc8
27. b4 Qc6 28. Bd3 Qd7 29. Rf1 Qa4 30. Rb1 a5 31. bxa5 Qxa5 32. Kf1 Qc7 33. g3
h6 34. Kg2 Kh7 35. Rb6 Bg5 36. Bxg5 hxg5 37. Kf3 Qd7 38. Ke3 Qc8 39. Rb5 g4 40.
Bc4 Qd7 41. c3 Qd1 42. Be2 Qc2 43. c4 Qc3+ 44. Bd3 Qc1+ 45. Ke2 Qh6 46. Rxb7
Qxh2+ 47. Kd1 Qxg3 48. Be2 Qe3 49. Rxf7 g3 50. Bf1 Qd4+ 51. Ke1 Kg8 52. Rf3
Qxe4+ 53. Be2 Qh4 54. Rxg3 Qxg3+ 55. Kd2 Qf4+ 56. Ke1 Qh4+ 57. Kd2 Kf7 58. c6
Qh6+ 59. Kd3 Qxc6 60. Ke3 Qh6+ 61. Kd3 Qh3+ 62. Kd2 Qg2 63. Kd3 Qxe2+ 64. Kxe2
g5 65. Kf2 Ke6 66. c5 Kd5 67. c6 Kxc6 68. Kf3 Kd5 69. Ke3 e4 70. Ke2 g4 71. Kf2
Kd4 72. Kg2 Kd3 73. Kg3 e3 74. Kxg4 e2 75. Kf4 e1=Q 76. Kf5 Qe7 77. Kf4 Ke2 78.
Kf5 Kf3 79. Kg6 Kg4 80. Kh6 Kf5 81. Kh5 Qh7# {Zippy checkmated} 0-1

[Event "ICS rated blitz match"]
[Site "204.178.125.65"]
[Date "2000.05.25"]
[Round "?"]
[White "Hossa"]
[Black "Zippy"]
[Result "1-0"]
[WhiteElo "2495"]
[BlackElo "2180"]
[PlyCount "95"]
[EventDate "2000.??.??"]

1. d4 f5 2. g3 Nf6 3. Bg2 e6 4. Nf3 d5 5. O-O Bd6 6. c4 O-O 7. cxd5 exd5 8. Nc3
c6 9. Ne5 Qb6 10. Rb1 Nbd7 11. Bf4 Bxe5 12. dxe5 Ng4 13. e6 Nb8 14. Bd6 Rd8 15.
e7 Nxh2 16. Na4 Qa5 17. Qd2 Nxf1 18. Qxa5 Re8 19. Bxd5+ cxd5 20. Qxd5+ Be6 21.
Qxe6+ Kh8 22. Kxf1 Nc6 23. Qd7 Rac8 24. Qxf5 b5 25. Nc5 a5 26. Nd7 h6 27. Nb6
Nxe7 28. Qxb5 Rcd8 29. Bc7 Rg8 30. Bxd8 Rxd8 31. Qxa5 Nc6 32. Qc5 Nb8 33. a4
Re8 34. Qc7 Na6 35. Qf7 Rd8 36. Qb7 Nb4 37. Qc7 Re8 38. Qc4 Kh7 39. Qxb4 Re5
40. Qd6 Rh5 41. Qd3+ Kh8 42. b4 Rh2 43. Kg1 Rh5 44. Rc1 Kg8 45. Qg6 Rh1+ 46.
Kxh1 Kf8 47. Rc8+ Ke7 48. Re8# {Zippy checkmated} 1-0

[Event "ICS rated blitz match"]
[Site "204.178.125.65"]
[Date "2000.05.25"]
[Round "?"]
[White "Hossa"]
[Black "StrongBach"]
[Result "1-0"]
[WhiteElo "2499"]
[BlackElo "1846"]
[PlyCount "65"]
[EventDate "2000.??.??"]

1. d4 a5 2. e4 e6 3. Nf3 Nc6 4. Bb5 Bb4+ 5. Nbd2 Nge7 6. c3 Na7 7. Be2 d5 8.
cxb4 axb4 9. O-O Bd7 10. Ne5 Bb5 11. Nb3 dxe4 12. Bxb5+ Nxb5 13. Nxf7 Kxf7 14.
Qh5+ Kf8 15. Qxb5 b6 16. Qxb4 Ke8 17. Qe1 Qd5 18. Bf4 Nc6 19. Qc3 Rc8 20. Rac1
Rf8 21. Bg3 Na5 22. Nxa5 bxa5 23. Qe3 Qxa2 24. Qxe4 g5 25. Bxc7 Rf7 26. Bxa5
Rb8 27. b3 Kf8 28. Qxe6 Rxb3 29. Qh6+ Ke8 30. Rc8+ Ke7 31. Rc7+ Kd8 32. Rxf7+
Qxa5 33. Qf8# 1-0

[Event "ICS rated bullet match"]
[Site "204.178.125.65"]
[Date "2000.05.25"]
[Round "?"]
[White "Hossa"]
[Black "JSBach"]
[Result "1-0"]
[WhiteElo "2282"]
[BlackElo "2008"]
[PlyCount "59"]
[EventDate "2000.??.??"]

1. d4 d6 2. Nf3 Nf6 3. e3 Bd7 4. c4 Bf5 5. Nc3 Nc6 6. d5 Ne5 7. Nxe5 dxe5 8. f3
Qd6 9. Nb5 Qc5 10. Bd2 O-O-O 11. b4 Qb6 12. c5 Qa6 13. e4 Kb8 14. Nd6 Qa3 15.
Nxf7 Bxe4 16. fxe4 Nxd5 17. exd5 Rxd5 18. Nxh8 Qb2 19. Rc1 e4 20. Bc4 Rd4 21.
Rf1 Rd8 22. Bc3 Rxd1+ 23. Kxd1 Qxc1+ 24. Kxc1 a5 25. Rxf8+ Ka7 26. Be5 axb4 27.
Bxc7 b5 28. cxb6+ Kb7 29. Bb5 e5 30. Rb8# {JSBach checkmated} 1-0

[Event "ICS rated standard match"]
[Site "204.178.125.65"]
[Date "2000.05.25"]
[Round "?"]
[White "Mefisto5000"]
[Black "Hossa"]
[Result "0-1"]
[WhiteElo "2021"]
[BlackElo "2345"]
[PlyCount "60"]
[EventDate "2000.??.??"]

1. d4 Nf6 2. c4 g6 3. Nc3 Bg7 4. e4 O-O 5. f3 d6 6. Bg5 Nbd7 7. Qd2 e5 8. d5 a5
9. Bd3 Nc5 10. Bc2 b6 11. Nge2 a4 12. O-O Ba6 13. Bd3 Qd7 14. Rfb1 h6 15. Be3
Nxd3 16. Qxd3 h5 17. b4 h4 18. h3 Nh7 19. b5 Bc8 20. Rb4 a3 21. Ra4 Rxa4 22.
Nxa4 f5 23. Kf1 Nf6 24. exf5 e4 25. fxe4 Nxe4 26. Qxe4 Bxa1 27. Bd4 Qxf5+ 28.
Qxf5 Rxf5+ 29. Ke1 Bxd4 30. Nxd4 Rf4 {Mefisto5000 resigns} 0-1

[Event "ICS rated standard match"]
[Site "204.178.125.65"]
[Date "2000.05.25"]
[Round "?"]
[White "Hossa"]
[Black "harimau"]
[Result "0-1"]
[WhiteElo "2349"]
[BlackElo "2712"]
[PlyCount "116"]
[EventDate "2000.??.??"]

1. d4 d5 2. Nf3 Nf6 3. e3 g6 4. c4 Bg7 5. cxd5 O-O 6. Nc3 Nxd5 7. e4 Nxc3 8.
bxc3 c5 9. Be2 Nc6 10. Be3 Bg4 11. Ng1 cxd4 12. cxd4 Qa5+ 13. Bd2 Bxe2 14. Nxe2
Qa6 15. Bc3 Bxd4 16. Nxd4 Rfd8 17. Qe2 Nxd4 18. Qxa6 bxa6 19. Bxd4 Rxd4 20. f3
Kg7 21. Ke2 Rb8 22. Rhb1 Rb6 23. Kf1 Kf6 24. Rd1 Rxd1+ 25. Rxd1 Rb2 26. a3 Ra2
27. Rd3 a5 28. Kg1 g5 29. Rc3 a4 30. Rc6+ e6 31. Rc3 Ke5 32. Rc7 f6 33. Rxh7
Rxa3 34. Rxa7 Ra2 35. g3 Kd4 36. Ra6 a3 37. h3 Ke3 38. f4 gxf4 39. gxf4 Kxf4
40. Kf1 Kf3 41. Kg1 Kg3 42. Kf1 Ra1+ 43. Ke2 a2 44. h4 Rh1 45. Kd3 a1=Q 46.
Rxa1 Rxa1 47. h5 f5 48. h6 f4 49. h7 Rh1 50. Kd4 Rxh7 51. Ke5 f3 52. Kd4 f2 53.
Ke5 f1=Q 54. Kd4 Qb5 55. e5 Qc6 56. Ke3 Qc3+ 57. Ke2 Rh2+ 58. Kf1 Qc1# {
Hossa checkmated} 0-1

[Event "ICS rated standard match"]
[Site "204.178.125.65"]
[Date "2000.05.25"]
[Round "?"]
[White "harimau"]
[Black "Hossa"]
[Result "1-0"]
[WhiteElo "2716"]
[BlackElo "2345"]
[PlyCount "58"]
[EventDate "2000.??.??"]

1. e4 c5 2. Nf3 d6 3. d4 cxd4 4. Qxd4 Nc6 5. Bb5 Bd7 6. Bxc6 Bxc6 7. Nc3 Nf6 8.
Bg5 e6 9. O-O-O Be7 10. Rhe1 O-O 11. e5 dxe5 12. Qh4 Qc7 13. Nxe5 Rac8 14. Ng4
Nd5 15. Rxd5 f6 16. Nh6+ gxh6 17. Bf4 e5 18. Qg4+ Kf7 19. Qf5 exf4 20. Qxh7+
Ke8 21. Qg6+ Rf7 22. Rh5 f3 23. g3 Qd6 24. Rxh6 Qc5 25. Rh8+ Kd7 26. Rd1+ Kc7
27. Rxc8+ Kxc8 28. Qxf7 Qe5 29. h4 Bd8 {Hossa resigns} 1-0

[Event "ICS rated standard match"]
[Site "204.178.125.65"]
[Date "2000.05.25"]
[Round "?"]
[White "Hossa"]
[Black "harimau"]
[Result "0-1"]
[WhiteElo "2342"]
[BlackElo "2719"]
[PlyCount "245"]
[EventDate "2000.??.??"]

1. d4 d5 2. Nf3 Nf6 3. Bf4 e6 4. e3 c5 5. Nc3 c4 6. Nd2 a6 7. a3 Nc6 8. g3 b5
9. Bg2 Bd6 10. Bxd6 Qxd6 11. O-O O-O 12. f4 Ne7 13. Nf3 Bb7 14. Ne5 Rfc8 15.
Rf2 Nf5 16. Qd2 Ne8 17. Bh3 f6 18. Bxf5 exf5 19. Nf3 Qe6 20. Qe2 Nd6 21. Rff1
Re8 22. Rfe1 Re7 23. Nd2 Rae8 24. Qg2 Rc7 25. Rac1 g6 26. Qf2 a5 27. Ra1 h6 28.
Qg2 Bc6 29. Qh3 Kh7 30. Nf3 Rce7 31. Qg2 Qd7 32. Qd2 Re6 33. Re2 Qe7 34. Nd1 a4
35. Qe1 Kg8 36. Nh4 Kg7 37. Ng2 Rb8 38. Nc3 Ra8 39. Qf1 Re8 40. Rae1 Kh7 41.
Nh4 Ne4 42. Nxe4 Rxe4 43. c3 Qf7 44. Nf3 R8e7 45. Nd2 R4e6 46. Qf2 Re8 47. Nf3
Qd7 48. Qg2 Re4 49. Nd2 R4e7 50. Qh3 Re6 51. Qh4 Qf7 52. Nf3 Bd7 53. Qh3 Kg7
54. Qf1 R8e7 55. Qg2 Qe8 56. Qf2 Bc6 57. Nh4 Re4 58. Kh1 Kh7 59. Nf3 Bb7 60.
Nd2 R4e6 61. Kg1 Bc6 62. Qf3 Qd7 63. h4 h5 64. Qf2 Qe8 65. Kh1 Kg7 66. Kg2 Bb7
67. Kg1 Kh7 68. Nf3 Kg8 69. Kh1 Qd7 70. Rd2 Bc6 71. Rde2 Re8 72. Rd1 Qe7 73.
Rde1 Bb7 74. Kg1 Kh7 75. Qh2 Qd7 76. Qf2 Bc6 77. Rd1 Qe7 78. Rde1 Kg7 79. Qf1
Qd8 80. Qg2 R8e7 81. Nd2 Kf7 82. Kh1 Re8 83. Nf3 Kf8 84. Qf2 R8e7 85. Qg1 Kg7
86. Qh2 Re8 87. Qf2 Bb7 88. Ra1 Qe7 89. Rae1 Qd7 90. Rd1 R8e7 91. Nd2 Qe8 92.
Rde1 Ba8 93. Kg1 Kg8 94. Nf3 Bc6 95. Kh1 Kg7 96. Nh2 Re4 97. Nf3 Kf8 98. Nd2
R4e6 99. Nf3 Kg8 100. Kg1 Kg7 101. Kg2 Qd7 102. Rc1 Re8 103. Kg1 Qe7 104. Rce1
Kh7 105. Qf1 Kg8 106. Qg2 Kf8 107. Qh1 Qd8 108. Qg2 Qc7 109. Qh2 Qd7 110. Rd1
Rxe3 111. Ne5 Rxe2 112. Nxd7+ Bxd7 113. Qh3 Rxb2 114. Rc1 Re3 115. Qf1 Rxg3+
116. Kh1 Kf7 117. Re1 Rxc3 118. Re7+ Kxe7 119. Qe1+ Kd6 120. Qxc3 Rb1+ 121. Kg2
b4 122. axb4 Rb3 123. Qe1 {Hossa resigns} 0-1

[Event "ICS rated blitz match"]
[Site "204.178.125.65"]
[Date "2000.05.25"]
[Round "?"]
[White "QueenMaxima"]
[Black "Hossa"]
[Result "1-0"]
[WhiteElo "2603"]
[BlackElo "2500"]
[PlyCount "85"]
[EventDate "2000.??.??"]

1. d4 Nf6 2. c4 g6 3. Nc3 Bg7 4. e4 O-O 5. Be2 d6 6. Nf3 e5 7. O-O exd4 8. Nxd4
Nfd7 9. Be3 Nc6 10. Nxc6 bxc6 11. Bd4 Bxd4 12. Qxd4 Re8 13. Bg4 Ne5 14. Bxc8 c5
15. Qd2 Rxc8 16. Qe2 Nc6 17. Rad1 Nd4 18. Qd2 Rb8 19. Rfe1 Qh4 20. f4 Rb7 21.
e5 Qg4 22. Kh1 dxe5 23. Ne4 Rb6 24. fxe5 Rxe5 25. Nf6+ Rxf6 26. Rxe5 Ne6 27.
Qe2 Qh4 28. g3 Qh6 29. Qg2 Qf8 30. Rd7 a6 31. Red5 h5 32. Rd1 Nd4 33. Rxc7 h4
34. Qb7 Kg7 35. Rc8 Qd6 36. Qe4 hxg3 37. Qh4 g5 38. Qh8+ Kg6 39. Rg8+ Kf5 40.
Rf1+ Ke4 41. Rxf6 Qc7 42. Rxg5 gxh2 43. Rg4+ {Hossa resigns} 1-0

[Event "ICS Rated blitz match"]
[Site "204.178.125.65"]
[Date "2000.05.25"]
[Round "?"]
[White "PostModernist"]
[Black "Hossa"]
[Result "1-0"]
[WhiteElo "2666"]
[BlackElo "2489"]
[PlyCount "91"]
[EventDate "2000.??.??"]

1. d4 Nf6 2. c4 g6 3. Nf3 Bg7 4. Nc3 O-O 5. e4 c6 6. h3 d5 7. e5 Ne4 8. cxd5
cxd5 9. Bd3 Bf5 10. Qb3 Nxf2 11. Kxf2 Bxd3 12. Qxb7 Nd7 13. Qxd5 Rb8 14. Re1
Rb4 15. Kg1 Qc7 16. a3 Rbb8 17. e6 Nb6 18. Qc5 Qb7 19. Bg5 f6 20. Bf4 Rbc8 21.
Qb4 Rfd8 22. b3 g5 23. Bg3 Kh8 24. a4 Ba6 25. Rac1 Bh6 26. Rcd1 Bg7 27. Bf2 Rc7
28. d5 Rcc8 29. d6 exd6 30. Rxd6 Rxd6 31. Qxd6 Re8 32. e7 Nd7 33. Nd5 Qc8 34.
Nc7 Nb6 35. Nxe8 Nd5 36. Qxd5 Qxe8 37. Qd8 h6 38. Qxe8+ Kh7 39. Qf7 Bb5 40.
axb5 f5 41. e8=Q h5 42. Nxg5+ Kh6 43. Bxa7 Bd4+ 44. Bxd4 Kxg5 45. Qxh5+ Kf4 46.
Qe5# {Hossa checkmated} 1-0

[Event "ICS rated standard match"]
[Site "204.178.125.65"]
[Date "2000.05.25"]
[Round "?"]
[White "QueenMaxima"]
[Black "Hossa"]
[Result "1/2-1/2"]
[WhiteElo "2319"]
[BlackElo "2339"]
[PlyCount "275"]
[EventDate "2000.??.??"]

1. d4 Nf6 2. c4 e6 3. Nf3 Bb4+ 4. Bd2 a5 5. g3 d5 6. Qc2 dxc4 7. Bg2 Nc6 8.
Qxc4 O-O 9. O-O Ne4 10. Bf4 g5 11. Be3 Be7 12. Nc3 Nd6 13. Qd3 Nf5 14. Qe4 Nxe3
15. Qxe3 g4 16. Ne5 Nxd4 17. Rfd1 c5 18. Nxg4 f5 19. Ne5 Bf6 20. Rac1 a4 21.
Nd3 Ra5 22. Qd2 c4 23. Nf4 a3 24. Nh5 Bg5 25. f4 Be7 26. b4 cxb3 27. Qxd4 Bc5
28. Qxc5 Rxc5 29. Rxd8 Rxd8 30. axb3 a2 31. Nxa2 Rxc1+ 32. Nxc1 Rd1+ 33. Kf2
Rxc1 34. Nf6+ Kg7 35. Ne8+ Kf7 36. Nd6+ Ke7 37. Nxc8+ Rxc8 38. Bxb7 Rc3 39. Bf3
Rxb3 40. g4 Rb4 41. Kg3 Kd6 42. h4 Ke7 43. e3 Ra4 44. h5 fxg4 45. Bxg4 Kf6 46.
Bf3 h6 47. e4 Ra3 48. Kg4 Rb3 49. Kg3 Rb4 50. Kg4 Rb2 51. e5+ Ke7 52. Be4 Rb4
53. Bg6 Rb5 54. Bc2 Rc5 55. Bg6 Rc4 56. Kf3 Rc3+ 57. Kg4 Re3 58. Bh7 Re1 59.
Bg6 Rg1+ 60. Kf3 Kd8 61. Bf7 Rf1+ 62. Kg4 Kd7 63. Kg3 Ra1 64. Bg6 Ra5 65. Kg4
Rb5 66. Kf3 Kd8 67. Kg4 Rb4 68. Kf3 Rb3+ 69. Ke4 Rh3 70. Bf7 Ke7 71. Bg6 Kf8
72. Kd4 Rb3 73. f5 exf5 74. Bxf5 Ke7 75. Ke4 Rb4+ 76. Kf3 Kf7 77. Kg3 Ke8 78.
Kf3 Rd4 79. Be6 Kf8 80. Bf5 Ke7 81. Bg4 Kf7 82. Bf5 Rc4 83. Bg4 Ke7 84. Bf5 Ra4
85. Bc8 Kd8 86. Be6 Rb4 87. Bf7 Ke7 88. e6 Rd4 89. Ke3 Rg4 90. Ke2 Rg3 91. Kf2
Rd3 92. Bg8 Rb3 93. Ke2 Rg3 94. Bf7 Rc3 95. Bg8 Kd8 96. Bf7 Rh3 97. Bg6 Ra3 98.
Bf7 Ke7 99. Kd2 Rh3 100. Ke2 Kf6 101. Kd2 Rg3 102. Ke2 Rb3 103. Kd2 Rf3 104.
Bg8 Rf4 105. Bf7 Ke7 106. Bg8 Rf5 107. Bf7 Rf3 108. Ke2 Rf4 109. Kd3 Rb4 110.
Kd2 Rb3 111. Ke2 Kf8 112. Kd2 Ra3 113. Ke2 Rc3 114. Bg6 Ke7 115. Bf7 Kd6 116.
Kd2 Rh3 117. Ke2 Rg3 118. Kf2 Rd3 119. Ke2 Rb3 120. Kf2 Rc3 121. Ke2 Ra3 122.
Kd2 Rf3 123. Bg8 Ke7 124. Bf7 Kf8 125. Bg6 Ra3 126. Ke2 Rb3 127. Kd2 Rb4 128.
Ke3 Ke7 129. Bf7 Ra4 130. Ke2 Kd8 131. Bg6 Rf4 132. Ke3 Rc4 133. Ke2 Ke7 134.
Kd3 Rb4 135. Bf7 Kf8 136. Kd2 Ke7 137. Kd3 Kf8 138. Be8 1/2-1/2

[Event "ICS Rated blitz match"]
[Site "204.178.125.65"]
[Date "2000.05.26"]
[Round "?"]
[White "PostModernist"]
[Black "Hossa"]
[Result "0-1"]
[WhiteElo "2682"]
[BlackElo "2481"]
[PlyCount "164"]
[EventDate "2000.??.??"]

1. d4 Nf6 2. c4 e6 3. g3 c5 4. Nf3 cxd4 5. Nxd4 Qc7 6. Nc3 Qxc4 7. e4 Qc5 8.
Be3 Qa5 9. Nb3 Qc7 10. Bg2 Nc6 11. f4 d6 12. O-O a6 13. Na4 Nd7 14. Qg4 h5 15.
Qh3 b5 16. Nc3 Nb6 17. Rab1 Nc4 18. Bf2 Be7 19. g4 h4 20. a4 Qb7 21. Rfc1 g5
22. fxg5 Bxg5 23. Rc2 Nb4 24. e5 d5 25. Re2 bxa4 26. Nxa4 Qc7 27. Rbe1 Bd7 28.
Nac5 Bb5 29. Bd4 Nc6 30. Bc3 a5 31. Nd4 Qb6 32. Nxc6 Qxc5+ 33. Nd4 a4 34. Rf2
Ba6 35. b3 axb3 36. Nxb3 Qb6 37. Bd4 Qc7 38. Nc5 Bc8 39. Rc2 Ra3 40. Nd3 Ba6
41. Rd1 Qa5 42. Rf2 Nd2 43. Bf1 Qa4 44. Rdxd2 Qxd4 45. Nf4 Qa4 46. Rd4 Qxd4 47.
Qxa3 Bxf4 48. Bxa6 Bxe5 49. Bb5+ Kd8 50. Qa5+ Ke7 51. Qa3+ Bd6 52. Qf3 f5 53.
gxf5 Bc5 54. Qe2 Qxf2+ 55. Qxf2 Bxf2+ 56. Kxf2 Rf8 57. Ke3 Rxf5 58. Be2 Re5+
59. Kf3 Rxe2 60. Kxe2 e5 61. Kd3 Ke6 62. Ke2 e4 63. Kf2 e3+ 64. Kxe3 Ke5 65. h3
d4+ 66. Kd3 Kd5 67. Kd2 Ke4 68. Ke2 Kf4 69. Kd3 Kg3 70. Kxd4 Kxh3 71. Ke3 Kg2
72. Kf4 h3 73. Ke4 h2 74. Ke5 Kf3 75. Kd6 Ke4 76. Kd7 Ke5 77. Kc7 Kd5 78. Kb6
h1=Q 79. Kc7 Qb1 80. Kd8 Kd6 81. Ke8 Qf1 82. Kd8 Qf8# 0-1

[Event "ICS rated blitz match"]
[Site "204.178.125.65"]
[Date "2000.05.26"]
[Round "?"]
[White "Hossa"]
[Black "TheChamp"]
[Result "1-0"]
[WhiteElo "2505"]
[BlackElo "2614"]
[PlyCount "141"]
[EventDate "2000.??.??"]

1. d4 Nf6 2. c4 c5 3. d5 b5 4. cxb5 a6 5. bxa6 Bxa6 6. Nc3 g6 7. Nf3 Bg7 8. Bg5
d6 9. e4 Bxf1 10. Rxf1 O-O 11. a3 Qb6 12. Qc2 Nbd7 13. Nd2 Rfb8 14. Nc4 Qa6 15.
Nd1 h6 16. Bxf6 Bxf6 17. f4 Bd4 18. f5 Nb6 19. Nde3 Nxc4 20. Nxc4 g5 21. Rf3
Qb5 22. Ra2 Kg7 23. Kf1 Rb7 24. Rh3 Rh8 25. Rd3 Bf6 26. a4 Qb4 27. a5 Ra8 28.
Raa3 Rba7 29. Rdb3 Rb7 30. Rxb4 Rxb4 31. a6 Ra7 32. Ke2 h5 33. Kd3 h4 34. Ra5
Rb8 35. Ra4 Rb5 36. Ra2 Rb4 37. Ra3 Rb8 38. Qc1 Rb5 39. Ke2 Rb4 40. h3 Rb5 41.
Kd3 Rb8 42. Ra4 Rba8 43. Qa1 Rb8 44. Ra3 Rb4 45. Qb1 Bd4 46. Qc1 f6 47. Qb1 Rb8
48. Ra4 Rba8 49. Qa1 Rb8 50. Ra3 Rb5 51. Kc2 Rb4 52. Qf1 Ra8 53. Qe2 Rab8 54.
a7 Ra8 55. Qf1 Rb7 56. Qa1 Rb5 57. Rb3 Rxb3 58. Kxb3 g4 59. hxg4 h3 60. gxh3
Kh6 61. Qa6 Kg5 62. Qb7 Rxa7 63. Qxa7 Kf4 64. Qxe7 Kg3 65. g5 Kxh3 66. g6 Kg3
67. g7 Kf3 68. g8=Q Ke2 69. Qxd6 Kd3 70. Qdg3+ Kxe4 71. Nd6# {
TheChamp checkmated} 1-0

[Event "ICS rated blitz match"]
[Site "204.178.125.65"]
[Date "2000.05.26"]
[Round "?"]
[White "TheChamp"]
[Black "Hossa"]
[Result "1-0"]
[WhiteElo "2593"]
[BlackElo "2526"]
[PlyCount "159"]
[EventDate "2000.??.??"]

1. e4 c5 2. c3 e6 3. d4 Nf6 4. e5 Nd5 5. Nf3 cxd4 6. cxd4 d6 7. Bd3 dxe5 8.
dxe5 Bb4+ 9. Bd2 Nc6 10. O-O O-O 11. Bxb4 Ncxb4 12. Be4 Re8 13. a3 Nc6 14. Nbd2
Re7 15. Nc4 Rd7 16. Qc2 f5 17. exf6 gxf6 18. Rad1 f5 19. Bxd5 exd5 20. Nce5
Nxe5 21. Nxe5 Re7 22. f4 Be6 23. Rd4 Qb6 24. Qd2 Rd8 25. Rf3 Bf7 26. h3 Bg6 27.
Rfd3 Bf7 28. Kh2 Be6 29. Qe2 Rg7 30. Rd2 Qc5 31. Qh5 Qc1 32. Qh4 Re8 33. Nf3
Qf1 34. Ng5 Bf7 35. Nxf7 Rxf7 36. Rxd5 Rfe7 37. Rxf5 Rg7 38. Rg5 Qb1 39. Rxg7+
Kxg7 40. Rd7+ Kg8 41. Qg5+ Qg6 42. Qxg6+ hxg6 43. Rxb7 Ra8 44. Kg3 a5 45. Kg4
Rf8 46. Kg5 Kh8 47. Kxg6 Rg8+ 48. Kh6 Rxg2 49. Rb8+ Rg8 50. Rxg8+ Kxg8 51. Kg6
a4 52. Kf6 Kh7 53. Ke7 Kg6 54. f5+ Kxf5 55. Kd6 Kg5 56. Kc5 Kh4 57. Kb4 Kh5 58.
Kxa4 Kg6 59. Kb5 Kf7 60. Kc6 Kf6 61. a4 Kg5 62. a5 Kh5 63. a6 Kh6 64. a7 Kh7
65. a8=Q Kg6 66. b4 Kf5 67. b5 Ke5 68. b6 Kf5 69. b7 Ke4 70. b8=Q Kd3 71. h4
Ke2 72. h5 Kf2 73. h6 Ke3 74. h7 Kf3 75. h8=Q Ke2 76. Qbe5+ Kd1 77. Qh1+ Kd2
78. Qa2+ Kd3 79. Qee4+ Kc3 80. Qc1# {Hossa checkmated} 1-0

[Event "ICS rated standard match"]
[Site "204.178.125.65"]
[Date "2000.05.26"]
[Round "?"]
[White "nitmo"]
[Black "Hossa"]
[Result "1-0"]
[WhiteElo "2093"]
[BlackElo "2338"]
[PlyCount "69"]
[EventDate "2000.??.??"]

1. e4 Nc6 2. Nf3 e5 3. Bc4 Nf6 4. Ng5 d5 5. exd5 Nxd5 6. d4 exd4 7. O-O f6 8.
Re1+ Be7 9. Qh5+ g6 10. Qh6 fxg5 11. Qg7 Rf8 12. Bxg5 Ncb4 13. Bh6 Kd7 14. Nd2
Rg8 15. Qxd4 Bf6 16. Qg4+ Kd6 17. Qg3+ Kc6 18. a3 b5 19. Bf1 Na6 20. c4 bxc4
21. Rac1 c3 22. Ne4 Nc5 23. Nxc5 Kxc5 24. bxc3 Bh4 25. Qd3 Bxf2+ 26. Kxf2 Qh4+
27. Kg1 Qxh6 28. Qd4+ Kd6 29. c4 c6 30. Qe5+ Kd7 31. cxd5 Qe3+ 32. Rxe3 Bb7 33.
Qe7+ Kc8 34. d6 Re8 35. Qc7# {Hossa checkmated} 1-0

[Event "ICS rated standard match"]
[Site "204.178.125.65"]
[Date "2000.05.26"]
[Round "?"]
[White "Hossa"]
[Black "nitmo"]
[Result "1-0"]
[WhiteElo "2312"]
[BlackElo "2119"]
[PlyCount "71"]
[EventDate "2000.??.??"]

1. e4 e5 2. Nf3 Nc6 3. c4 Nf6 4. Nc3 Be7 5. d3 O-O 6. Be2 d6 7. O-O Nd4 8. Nxd4
exd4 9. Nd5 c6 10. Nxe7+ Qxe7 11. Bg5 h6 12. Bh4 Re8 13. f4 c5 14. Bf3 Rb8 15.
Qa4 a6 16. Bxf6 gxf6 17. f5 b5 18. cxb5 axb5 19. Qc2 Bd7 20. Qf2 Kh7 21. Rfd1
Rg8 22. Re1 Rg5 23. Rf1 Rbg8 24. Qd2 Qd8 25. b4 Bc6 26. Qc2 Qb6 27. Rac1 c4 28.
a4 c3 29. Qf2 Rb8 30. a5 Qb7 31. Qxd4 d5 32. exd5 Rd8 33. dxc6 Rxd4 34. cxb7
Rg8 35. a6 Rxb4 36. a7 {nitmo resigns} 1-0

[Event "ICS rated standard match"]
[Site "204.178.125.65"]
[Date "2000.05.26"]
[Round "?"]
[White "nitmo"]
[Black "Hossa"]
[Result "0-1"]
[WhiteElo "2111"]
[BlackElo "2320"]
[PlyCount "80"]
[EventDate "2000.??.??"]

1. e4 e5 2. Nf3 Nc6 3. Bc4 Bc5 4. c3 Qe7 5. O-O Nf6 6. d4 Bb6 7. d5 Nd8 8. Bd3
d6 9. a4 a6 10. Na3 O-O 11. h3 Bc5 12. b4 Bb6 13. Nc4 Ba7 14. Be3 Bxe3 15. Nxe3
a5 16. b5 b6 17. Nd2 g6 18. Kh2 Nh5 19. g3 Ng7 20. g4 f6 21. Qe2 Nf7 22. Nf3
Bd7 23. Kg3 Ng5 24. h4 Nxf3 25. Qxf3 h5 26. Rh1 hxg4 27. Nxg4 Nh5+ 28. Kg2 Bxg4
29. Qxg4 Nf4+ 30. Kf3 Nxd3 31. Qxg6+ Kh8 32. Rag1 Nf4 33. Qh6+ Qh7 34. Qxh7+
Kxh7 35. h5 f5 36. h6 fxe4+ 37. Kxe4 Rg8 38. Rg3 Rxg3 39. fxg3 Ne2 40. g4 Ng3+
{nitmo resigns} 0-1

[Event "ICS rated standard match"]
[Site "204.178.125.65"]
[Date "2000.05.26"]
[Round "?"]
[White "Hossa"]
[Black "nitmo"]
[Result "1-0"]
[WhiteElo "2327"]
[BlackElo "2104"]
[PlyCount "44"]
[EventDate "2000.??.??"]

1. e4 e5 2. Nf3 Nc6 3. c4 Nf6 4. Nc3 Bb4 5. d3 O-O 6. Be2 h6 7. O-O d6 8. Be3
Bxc3 9. bxc3 Ng4 10. Bc1 f5 11. c5 Nf6 12. Qb3+ Kh8 13. Nh4 Qe8 14. exf5 Ne7
15. cxd6 cxd6 16. Ba3 Nxf5 17. Nxf5 Bxf5 18. Bxd6 Qg6 19. Bxf8 Rxf8 20. Qxb7
Nh5 21. Qe7 Re8 22. Bxh5 Rxe7 {nitmo resigns} 1-0

[Event "ICS rated standard match"]
[Site "204.178.125.65"]
[Date "2000.05.26"]
[Round "?"]
[White "Hossa"]
[Black "star"]
[Result "0-1"]
[WhiteElo "2334"]
[BlackElo "2593"]
[PlyCount "128"]
[EventDate "2000.??.??"]

1. e4 e5 2. Nf3 Nc6 3. c4 Bc5 4. d3 Nf6 5. Be2 d6 6. O-O O-O 7. Nc3 Bg4 8. Bg5
h6 9. Bh4 Be6 10. Qc1 Nd4 11. Nxd4 Bxd4 12. Nd5 Bxd5 13. cxd5 c6 14. dxc6 Rc8
15. Qd2 Nxe4 16. dxe4 Qxh4 17. cxb7 Rb8 18. Rac1 Rxb7 19. b3 Rbb8 20. Bf3 Rfc8
21. Rfd1 Rc5 22. Rxc5 dxc5 23. Rc1 a5 24. g3 Qf6 25. Bd1 Qc6 26. Bc2 c4 27.
bxc4 Rb2 28. Qe2 Rxa2 29. Rb1 Qf6 30. Rc1 a4 31. Kg2 a3 32. Rb1 Qxf2+ 33. Qxf2
Bxf2 34. Rb8+ Kh7 35. Kxf2 Rxc2+ 36. Ke3 Rxc4 37. Ra8 Rc3+ 38. Kd2 Rf3 39. Ra6
g6 40. Ra5 Kg7 41. Ra4 f5 42. Ke2 Rb3 43. exf5 gxf5 44. Kd2 e4 45. Ra6 h5 46.
Kc1 h4 47. gxh4 e3 48. Kd1 f4 49. Ra7+ Kf6 50. Ra6+ Ke5 51. Kc2 Rb2+ 52. Kc1 e2
53. Rxa3 e1=Q+ 54. Kxb2 f3 55. Rb3 Qd2+ 56. Ka3 Qa5+ 57. Kb2 f2 58. Re3+ Kf4
59. Re6 Qb4+ 60. Ka2 Qc4+ 61. Ka3 Qxe6 62. h5 f1=Q 63. h6 Qb1 64. h4 Qa6# {
Hossa checkmated} 0-1

[Event "ICS rated standard match"]
[Site "204.178.125.65"]
[Date "2000.05.26"]
[Round "?"]
[White "Gavroche"]
[Black "Hossa"]
[Result "1/2-1/2"]
[WhiteElo "2030"]
[BlackElo "2328"]
[PlyCount "70"]
[EventDate "2000.??.??"]

1. d4 Nf6 2. c4 e6 3. Nc3 Bb4 4. e3 b6 5. Nf3 Bb7 6. Bd3 O-O 7. O-O c5 8. Bd2
Bxf3 9. Qxf3 d5 10. cxd5 cxd4 11. exd4 Bxc3 12. bxc3 Qxd5 13. Qxd5 exd5 14. f3
Re8 15. Rfe1 Nc6 16. Bb5 Rec8 17. Kf2 a6 18. Bd3 Na5 19. Re7 Nc4 20. Bg5 Nb2
21. Bf5 Rxc3 22. Bxf6 gxf6 23. Rd7 Nc4 24. Re1 Ra3 25. Re2 Ra5 26. Bd3 Rc8 27.
Ree7 Rxa2+ 28. Kg3 Rd2 29. Bxc4 dxc4 30. Rxf7 Rxd4 31. Rg7+ Kh8 32. Rxh7+ Kg8
33. Rhg7+ Kh8 34. Rh7+ Kg8 35. Rhg7+ Kh8 1/2-1/2

[Event "ICS rated blitz match"]
[Site "204.178.125.65"]
[Date "2000.05.26"]
[Round "?"]
[White "Hossa"]
[Black "QueenMaxima"]
[Result "1-0"]
[WhiteElo "2513"]
[BlackElo "2614"]
[PlyCount "96"]
[EventDate "2000.??.??"]

1. e4 e5 2. Nf3 Nc6 3. a3 Nf6 4. Nc3 Be7 5. d4 exd4 6. Nxd4 O-O 7. Nxc6 dxc6 8.
Qxd8 Rxd8 9. Be2 Re8 10. Bd2 Bd6 11. f3 Be6 12. O-O-O Be5 13. Na4 Rad8 14. Nc5
Bc8 15. Kb1 Bd6 16. Nd3 Nd7 17. Bg5 f6 18. Be3 Kh8 19. g3 Nb6 20. Nc5 a5 21.
Nb3 a4 22. Nc5 Nd5 23. Bd4 Bxc5 24. Bxc5 b6 25. exd5 Rxe2 26. dxc6 Rde8 27. Bb4
Bh3 28. Rd3 R2e6 29. Rg1 Rxc6 30. Rd5 Kg8 31. g4 g6 32. Rdd1 Re2 33. Rd8+ Kg7
34. Rgd1 Rcxc2 35. Bf8+ Kg8 36. R1d7 Rxb2+ 37. Kc1 Rbc2+ 38. Kd1 Rcd2+ 39. Rxd2
Rxd2+ 40. Kxd2 Kf7 41. Bh6 Ke7 42. Rh8 Ke6 43. Rxh7 c6 44. Ke3 Bf1 45. h4 Bh3
46. Rg7 g5 47. hxg5 fxg5 48. Bxg5 Bf1 {QueenMaxima resigns} 1-0